Comuni della Provincia di Imperia - Statistics

Statistiche generali
  • Questo quiz è stato fatto 36 volte
  • Il punteggio medio è 33 su 66
Statistiche sulle risposte
Comune % Corretto
Imperia
92%
Sanremo
92%
Ventimiglia
92%
Bordighera
81%
Ospedaletti
77%
Santo Stefano al Mare
73%
Vallecrosia
73%
Diano Marina
69%
San Bartolomeo al Mare
69%
Triora
69%
Camporosso
62%
Cervo
62%
Diano Castello
62%
San Lorenzo al Mare
62%
Taggia
62%
Apricale
58%
Badalucco
58%
Dolceacqua
58%
Dolcedo
58%
Molini di Triora
58%
Pontedassio
58%
Airole
54%
Pieve di Teco
54%
Chiusanico
50%
Cipressa
50%
Diano Arentino
50%
Diano San Pietro
50%
Olivetta San Michele
50%
Pigna
50%
Pornassio
50%
San Biagio della Cima
50%
Villa Faraldi
50%
Ceriana
46%
Chiusavecchia
46%
Montalto Carpasio
46%
Montegrosso Pian Latte
46%
Rezzo
46%
Riva Ligure
46%
Borgomaro
42%
Civezza
42%
Costarainera
42%
Isolabona
42%
Pompeiana
42%
Rocchetta Nervina
42%
Seborga
42%
Vallebona
42%
Aquila d'Arroscia
38%
Armo
38%
Aurigo
38%
Bajardo
38%
Borghetto d'Arroscia
38%
Caravonica
38%
Lucinasco
38%
Ranzo
38%
Castellaro
35%
Cesio
35%
Pietrabruna
35%
Prelà
35%
Soldano
35%
Vasia
35%
Vessalico
35%
Castel Vittorio
31%
Perinaldo
31%
Terzorio
31%
Cosio D'arroscia
27%
Mendatica
27%
Nessun quiz corrispondente trovato
Distribuzione punteggi
Percentuale di utenti per punteggio
Percentile per numero di risposta
I tuoi punteggi nel tempo
Non hai fatto questo quiz